Dos discursos y un solo pensamiento

Gorde:
Xehetasun bibliografikoak
Egile nagusia: Celli, Humberto
Formatua: Texto
Argitaratua: Caracas: s.e.
Etiketak: Etiketa erantsi
Etiketarik gabe, Izan zaitez lehena erregistro honi etiketa jartzen!

MARC

LEADER 00000 a a2200000 04500
001 24216
003
040
020 |a 980-07-1663-7  
090 |a 165400  
100 |a Celli, Humberto  
245 |a Dos discursos y un solo pensamiento  
260 |a Caracas:   |b s.e.  
300 |a 56 p.   |b il.  
999 |c 10759  |d 10759